[Event "-chT Youth Countries 2019"]
[Site "Wuerzburg"]
[Date "2019.10.04"]
[Round "4.8"]
[White "Pohle, Saskia"]
[Black "Voigt, Anastasia"]
[Result "0-1"]
[WhiteElo "1716"]
[BlackElo "1457"]
[Annotator "NA"]
[PlyCount "36"]
[EventDate "2019.10.02"]
[EventType "team-tourn"]
[EventRounds "7"]
[EventCountry "GER"]
[SourceTitle "playchess.com"]
[Source "ChessBase"]
[SourceQuality "1"]
[WhiteTeam "Sachsen"]
[BlackTeam "Sachsen-Anhalt"]
[TimeControl "40/5400+30:1800+30"]

1. e4 {[%emt 0:00:00]} e5 {[%emt 0:00:00]} 2. Nf3 {[%emt 0:00:00]} Nc6 {[%emt 0:00:00]} 3. d4 {[%emt 0:00:00]} exd4 {[%emt 0:00:00]} 4. Bc4 {[%emt 0:00:00]} Bc5 {[%emt 0:00:00]} 5. c3 {[%emt 0:00:08]} Nf6 {[%emt 0:00:10]} 6. e5 {[%emt 0:00:56]} d5 {[%emt 0:00:15]} 7. exf6 {[%emt 0:03:26]} dxc4 {[%emt 0:00:14]} 8. fxg7 {[%emt 0:01:16]} Rg8 {[%emt 0:01:00]} 9. Bh6 {[%emt 0:03:46]} Qd6 {[%emt 0:03:34]} 10. Qd2 {[%emt 0:07:14]} Be6 {[%emt 0:03:17]} 11. O-O {[%emt 0:02:59]} O-O-O {[%emt 0:00:49]} 12. Na3 {[%emt 0:20:51]} Bxa3 {[%emt 0:12:38]} 13. bxa3 {[%emt 0:00:03]} d3 {[%emt 0:01:10]} 14. Rab1 {[%emt 0:06:46]} Bf5 {[%emt 0:03:20]} 15. Rb5 {[%emt 0:04:06]} Bg6 {[%emt 0:08:07]} 16. Rfb1 {[%emt 0:05:58]} b6 {[%emt 0:01:19]} 17. a4 {[%emt 0:06:05]} a5 {[%emt 0:02:16]} 18. Bf4 {[%emt 0:00:24]} Qe7 {normal} 0-1

[Event "-chT Youth Countries 2019"]
[Site "Wuerzburg"]
[Date "2019.10.04"]
[Round "4.8"]
[White "von Beckh, Frieda"]
[Black "Braeutigam, Katerina"]
[Result "0-1"]
[WhiteElo "1541"]
[BlackElo "1630"]
[Annotator "NA"]
[PlyCount "96"]
[EventDate "2019.10.02"]
[EventType "team-tourn"]
[EventRounds "7"]
[EventCountry "GER"]
[SourceTitle "playchess.com"]
[Source "ChessBase"]
[SourceQuality "1"]
[WhiteTeam "Hessen"]
[BlackTeam "Schleswig-Holstein"]
[TimeControl "40/5400+30:1800+30"]

1. e4 {[%emt 0:00:00]} c6 {[%emt 0:00:00]} 2. d4 {[%emt 0:00:00]} d5 {[%emt 0:00:00]} 3. exd5 {[%emt 0:00:00]} cxd5 {[%emt 0:00:00]} 4. Bd3 {[%emt 0:00:00]} Nc6 {[%emt 0:00:14]} 5. c3 {[%emt 0:00:01]} Qc7 {[%emt 0:01:28]} 6. Ne2 {[%emt 0:00:19]} Bg4 {[%emt 0:01:20]} 7. O-O {[%emt 0:00:34]} e6 {[%emt 0:00:33]} 8. Qe1 {[%emt 0:00:17]} Bd6 {[%emt 0:01:05]} 9. f3 {[%emt 0:01:10]} Bh5 {[%emt 0:00:53]} 10. Qh4 {[%emt 0:01:40]} Nf6 {[%emt 0:02:10]} 11. Bg5 {[%emt 0:01:40]} Bg6 {[%emt 0:05:30]} 12. Bxg6 {[%emt 0:01:18]} fxg6 {[%emt 0:03:22]} 13. Bxf6 {[%emt 0:02:14]} gxf6 {[%emt 0:00:18]} 14. Qxf6 {[%emt 0:00:11]} Kd7 {[%emt 0:03:17]} 15. f4 {[%emt 0:02:00]} Be7 {[%emt 0:00:55]} 16. Qg7 {[%emt 0:00:48]} g5 {[%emt 0:07:17]} 17. f5 {[%emt 0:04:58]} Raf8 {[%emt 0:12:06]} 18. Ng3 {[%emt 0:02:37]} exf5 {[%emt 0:18:09]} 19. Nxf5 {[%emt 0:00:53]} Rhg8 {[%emt 0:01:30]} 20. Qh6 {[%emt 0:00:54]} Kd8 {[%emt 0:13:02]} 21. Nd2 {[%emt 0:03:16]} g4 {[%emt 0:07:43]} 22. Rae1 {[%emt 0:01:55]} Bg5 {[%emt 0:02:44]} 23. Qe6 {[%emt 0:04:41]} Bxd2 {[%emt 0:01:38]} 24. Re2 {[%emt 0:00:51]} Bg5 {[%emt 0:01:49]} 25. Qxd5+ {[%emt 0:00:53]} Qd7 {[%emt 0:01:50]} 26. Qc5 {[%emt 0:03:30]} Rf6 {[%emt 0:03:42]} 27. Qc4 {[%emt 0:04:43]} Rgf8 {[%emt 0:01:42]} 28. Ng3 {[%emt 0:00:49]} Bf4 {[%emt 0:02:27]} 29. Rfe1 {[%emt 0:03:11]} Bxg3 {[%emt 0:03:37]} 30. hxg3 {[%emt 0:00:10]} Qf7 {[%emt 0:00:18]} 31. Re6 {[%emt 0:04:15]} Rh6 {[%emt 0:03:57]} 32. Qd5+ {[%emt 0:07:29]} Kc8 {[%emt 0:00:49]} 33. Re8+ {[%emt 0:05:05]} Rxe8 {[%emt 0:00:24]} 34. Qxf7 {[%emt 0:00:27]} Rxe1+ {[%emt 0:00:03]} 35. Kf2 {[%emt 0:00:31]} Rhh1 {[%emt 0:00:11]} 36. Qf5+ {[%emt 0:02:09]} Kc7 {[%emt 0:00:41]} 37. Qf7+ {[%emt 0:00:27]} Ne7 {[%emt 0:00:49]} 38. Qc4+ {[%emt 0:00:33]} Kd8 {[%emt 0:00:32]} 39. Qb5 {[%emt 0:01:32]} Rhf1+ {[%emt 0:00:15]} 40. Qxf1 {[%emt 0:00:08]} Rxf1+ {[%emt 0:00:04]} 41. Kxf1 {[%emt 0:30:12]} Nf5 {[%emt 0:30:20]} 42. Kf2 {[%emt 0:01:17]} Ke7 {[%emt 0:00:45]} 43. d5 {[%emt 0:01:10]} b5 {[%emt 0:00:26]} 44. b3 {[%emt 0:01:18]} Kd6 {[%emt 0:00:25]} 45. Ke2 {[%emt 0:01:13]} Kxd5 {[%emt 0:00:26]} 46. Kd3 {[%emt 0:00:28]} Nxg3 {[%emt 0:00:47]} 47. Ke3 {[%emt 0:01:49]} Nh5 {[%emt 0:00:00]} 48. a3 {[%emt 0:00:00]} a5 {[%emt 0:00:00] normal} 0-1

[Event "-chT Youth Countries 2019"]
[Site "Wuerzburg"]
[Date "2019.10.04"]
[Round "4.8"]
[White "Ruhmke, Rebecca"]
[Black "Ulrich, Helena Irene"]
[Result "0-1"]
[WhiteElo "1404"]
[BlackElo "1355"]
[Annotator "NA"]
[PlyCount "86"]
[EventDate "2019.10.02"]
[EventType "team-tourn"]
[EventRounds "7"]
[EventCountry "GER"]
[SourceTitle "playchess.com"]
[Source "ChessBase"]
[SourceQuality "1"]
[WhiteTeam "Hamburg/Schleswig-Holstein"]
[BlackTeam "Thüringen"]
[TimeControl "40/5400+30:1800+30"]

1. e4 c5 {[%emt 0:00:00]} 2. Nf3 {[%emt 0:00:00]} Nc6 {[%emt 0:00:00]} 3. c3 {[%emt 0:00:05]} Nf6 {[%emt 0:00:17]} 4. e5 {[%emt 0:00:41]} Nd5 {[%emt 0:00:10]} 5. d4 {[%emt 0:00:22]} cxd4 {[%emt 0:00:14]} 6. cxd4 {[%emt 0:00:17]} e6 {[%emt 0:00:53]} 7. Nc3 {[%emt 0:03:28]} d6 {[%emt 0:01:24]} 8. Bb5 {[%emt 0:11:06]} Be7 {[%emt 0:04:19]} 9. O-O {[%emt 0:03:54]} O-O {[%emt 0:03:21]} 10. Qe2 {[%emt 0:06:43]} a6 {[%emt 0:02:57]} 11. Bd3 {[%emt 0:06:28]} Qc7 {[%emt 0:06:26]} 12. Qe4 {[%emt 0:03:54]} f5 {[%emt 0:03:42]} 13. exf6 {[%emt 0:03:11]} Nxf6 {[%emt 0:00:35]} 14. Qe2 {[%emt 0:04:30]} b5 {[%emt 0:06:21]} 15. Ne4 {[%emt 0:07:12]} Nb4 {[%emt 0:14:03]} 16. Bb1 {[%emt 0:08:32]} Nbd5 {[%emt 0:06:40]} 17. Bg5 {[%emt 0:03:12]} Qb7 {[%emt 0:13:11]} 18. Nxf6+ {[%emt 0:01:21]} Nxf6 {[%emt 0:01:10]} 19. Qd3 {[%emt 0:03:27]} g6 {[%emt 0:05:07]} 20. Bh6 {[%emt 0:01:53]} Re8 {[%emt 0:02:06]} 21. Ng5 {[%emt 0:03:22]} Bf8 {[%emt 0:07:22]} 22. Bxf8 {[%emt 0:08:13]} Rxf8 {[%emt 0:01:19]} 23. h4 {[%emt 0:01:52]} Nh5 {[%emt 0:03:22]} 24. f3 {[%emt 0:03:53]} Rf4 {[%emt 0:02:36]} 25. Bc2 {[%emt 0:02:27]} Rxh4 {[%emt 0:01:09]} 26. Kf2 {[%emt 0:01:57]} Rh2 {[%emt 0:01:55]} 27. Rg1 {[%emt 0:01:20]} Nf4 {[%emt 0:00:18]} 28. Qe4 {[%emt 0:01:12]} Qxe4 {[%emt 0:00:05]} 29. Bxe4 {[%emt 0:00:12]} d5 {[%emt 0:00:28]} 30. Kg3 {[%emt 0:00:43]} Rxg2+ {[%emt 0:02:32]} 31. Rxg2 {[%emt 0:00:31]} Nxg2 {[%emt 0:00:05]} 32. Kxg2 {[%emt 0:00:11]} dxe4 {[%emt 0:00:04]} 33. fxe4 {[%emt 0:00:18]} h6 {[%emt 0:00:30]} 34. Nf3 {[%emt 0:01:40]} Bb7 {[%emt 0:00:43]} 35. Re1 {[%emt 0:00:26]} Rc8 {[%emt 0:00:50]} 36. Re2 {[%emt 0:00:44]} g5 {[%emt 0:00:51]} 37. Kg3 {[%emt 0:00:34]} Rf8 {[%emt 0:00:50]} 38. Nd2 {[%emt 0:03:45]} Rf4 {[%emt 0:01:09]} 39. Re3 {[%emt 0:01:21]} Kg7 {[%emt 0:00:33]} 40. Re2 {[%emt 0:03:56]} h5 {[%emt 0:00:47]} 41. Nf3 {[%emt 0:30:56]} h4+ {[%emt 0:32:27]} 42. Kg2 {[%emt 0:00:00]} Bxe4 {[%emt 0:00:00]} 43. Rxe4 {[%emt 0:00:00]} Rxe4 {[%emt 0:00:00] normal} 0-1

[Event "-chT Youth Countries 2019"]
[Site "Wuerzburg"]
[Date "2019.10.04"]
[Round "4.8"]
[White "Bakó, Isabella"]
[Black "Visvikis, Kassandra"]
[Result "0-1"]
[WhiteElo "1266"]
[BlackElo "1531"]
[Annotator "NA"]
[PlyCount "111"]
[EventDate "2019.10.02"]
[EventType "team-tourn"]
[EventRounds "7"]
[EventCountry "GER"]
[SourceTitle "playchess.com"]
[Source "ChessBase"]
[SourceQuality "1"]
[WhiteTeam "Team Süd"]
[BlackTeam "Baden 1"]
[TimeControl "40/5400+30:1800+30"]

1. e4 {[%emt 0:00:00]} e5 {[%emt 0:00:00]} 2. Nf3 {[%emt 0:00:00]} Nc6 {[%emt 0:00:00]} 3. Bb5 {[%emt 0:00:00]} a6 {[%emt 0:00:00]} 4. Ba4 {[%emt 0:00:04]} Nf6 {[%emt 0:00:00]} 5. O-O {[%emt 0:00:30]} b5 {[%emt 0:00:00]} 6. Bb3 {[%emt 0:00:39]} Be7 {[%emt 0:00:05]} 7. Re1 {[%emt 0:00:27]} d6 {[%emt 0:00:22]} 8. c3 {[%emt 0:00:39]} Bb7 {[%emt 0:00:15]} 9. d4 {[%emt 0:00:42]} Nb8 {[%emt 0:00:38]} 10. Nbd2 {[%emt 0:01:20]} Nbd7 {[%emt 0:00:20]} 11. Bc2 {[%emt 0:02:29]} O-O {[%emt 0:02:55]} 12. Nf1 {[%emt 0:00:34]} Re8 {[%emt 0:00:31]} 13. Ng3 {[%emt 0:00:54]} Bf8 {[%emt 0:01:22]} 14. d5 {[%emt 0:04:05]} c6 {[%emt 0:02:12]} 15. dxc6 {[%emt 0:02:10]} Bxc6 {[%emt 0:00:05]} 16. Nf5 {[%emt 0:00:48]} Nc5 {[%emt 0:03:41]} 17. Nd2 {[%emt 0:04:21]} g6 {[%emt 0:19:40]} 18. Ng3 {[%emt 0:01:20]} Qc7 {[%emt 0:14:54]} 19. Nf3 {[%emt 0:01:17]} h6 {[%emt 0:03:32]} 20. b4 {[%emt 0:03:22]} Ne6 {[%emt 0:02:20]} 21. Be3 {[%emt 0:01:19]} Rad8 {[%emt 0:02:54]} 22. Qd2 {[%emt 0:02:39]} Kh7 {[%emt 0:01:31]} 23. h3 {[%emt 0:00:44]} d5 {[%emt 0:02:26]} 24. exd5 {[%emt 0:01:46]} Nxd5 {[%emt 0:00:47]} 25. Qc1 {[%emt 0:02:27]} f5 {[%emt 0:09:55]} 26. Bd2 {[%emt 0:02:49]} Nef4 {[%emt 0:04:34]} 27. Ne2 {[%emt 0:04:02]} Bb7 {[%emt 0:10:04]} 28. Nxf4 {[%emt 0:01:49]} Nxf4 {[%emt 0:01:27]} 29. Bxf4 {[%emt 0:01:39]} exf4 {[%emt 0:00:03]} 30. Rxe8 {[%emt 0:00:37]} Rxe8 {[%emt 0:00:03]} 31. Qd2 {[%emt 0:02:46]} Bg7 {[%emt 0:03:43]} 32. Re1 {[%emt 0:01:27]} Rxe1+ {[%emt 0:00:59]} 33. Qxe1 {[%emt 0:03:18]} Qxc3 {[%emt 0:00:16]} 34. Qxc3 {[%emt 0:01:30]} Bxc3 {[%emt 0:00:02]} 35. Kf1 {[%emt 0:03:09]} Bxb4 {[%emt 0:00:16]} 36. Ne5 {[%emt 0:02:05]} Kg7 {[%emt 0:05:45]} 37. Nd3 {[%emt 0:02:45]} Bd6 {[%emt 0:00:13]} 38. f3 {[%emt 0:00:32]} Bd5 {[%emt 0:01:13]} 39. Bb3 {[%emt 0:01:14]} Bxb3 {[%emt 0:00:28]} 40. axb3 {[%emt 0:00:13]} a5 {[%emt 0:00:14]} 41. Ke2 {[%emt 0:30:26]} Kf6 {[%emt 0:32:15]} 42. Kd2 {[%emt 0:00:23]} g5 {[%emt 0:00:24]} 43. Kc3 {[%emt 0:01:12]} Be5+ {[%emt 0:00:20]} 44. Nxe5 {[%emt 0:00:32]} Kxe5 {[%emt 0:00:02]} 45. b4 {[%emt 0:00:30]} axb4+ {[%emt 0:00:27]} 46. Kb3 {[%emt 0:00:12]} Kd4 {[%emt 0:00:11]} 47. Kb2 {[%emt 0:00:19]} Ke3 {[%emt 0:00:08]} 48. Kb3 {[%emt 0:00:16]} Kf2 {[%emt 0:00:03]} 49. Kxb4 {[%emt 0:00:10]} Kxg2 {[%emt 0:00:04]} 50. Kxb5 {[%emt 0:00:31]} Kxf3 {[%emt 0:00:04]} 51. Kc4 {[%emt 0:00:10]} Ke2 {[%emt 0:00:20]} 52. Kd4 {[%emt 0:00:43]} f3 {[%emt 0:00:03]} 53. Ke5 {[%emt 0:00:52]} f2 {[%emt 0:00:03]} 54. Kxf5 {[%emt 0:00:18]} f1=Q+ {[%emt 0:00:05]} 55. Kg4 {[%emt 0:00:24]} Qf4+ {[%emt 0:00:16]} 56. Kh5 {[%emt 0:00:18] normal} 0-1

[Event "-chT Youth Countries 2019"]
[Site "Wuerzburg"]
[Date "2019.10.04"]
[Round "4.8"]
[White "Reich, Elisabeth"]
[Black "Lorenz, Veronika"]
[Result "0-1"]
[WhiteElo "1199"]
[BlackElo "1237"]
[Annotator "NA"]
[PlyCount "136"]
[EventDate "2019.10.02"]
[EventType "team-tourn"]
[EventRounds "7"]
[EventCountry "GER"]
[SourceTitle "playchess.com"]
[Source "ChessBase"]
[SourceQuality "1"]
[WhiteTeam "Bayern 2"]
[BlackTeam "Berlin"]
[TimeControl "40/5400+30:1800+30"]

1. e4 {[%emt 0:00:00]} e5 {[%emt 0:00:00]} 2. Nf3 {[%emt 0:00:00]} Nc6 {[%emt 0:00:00]} 3. d4 {[%emt 0:00:00]} exd4 {[%emt 0:00:00]} 4. c3 {[%emt 0:00:13]} dxc3 {[%emt 0:01:59]} 5. Bc4 {[%emt 0:00:33]} Bc5 {[%emt 0:07:39]} 6. Bxf7+ {[%emt 0:01:02]} Kxf7 {[%emt 0:02:05]} 7. Qd5+ {[%emt 0:00:39]} Kf8 {[%emt 0:08:29]} 8. Qxc5+ {[%emt 0:00:42]} d6 {[%emt 0:00:27]} 9. Qxc3 {[%emt 0:00:08]} Qf6 {[%emt 0:01:57]} 10. Qxf6+ {[%emt 0:00:38]} Nxf6 {[%emt 0:00:10]} 11. Nc3 {[%emt 0:00:07]} Be6 {[%emt 0:06:09]} 12. O-O {[%emt 0:00:52]} h6 {[%emt 0:01:24]} 13. Re1 {[%emt 0:00:09]} Rd8 {[%emt 0:17:27]} 14. e5 {[%emt 0:00:50]} dxe5 {[%emt 0:13:23]} 15. Nxe5 {[%emt 0:00:48]} Nxe5 {[%emt 0:01:18]} 16. Rxe5 {[%emt 0:00:23]} Kf7 {[%emt 0:03:09]} 17. Bf4 {[%emt 0:00:42]} c6 {[%emt 0:03:37]} 18. Rae1 {[%emt 0:00:42]} Rhe8 {[%emt 0:01:01]} 19. a3 {[%emt 0:00:21]} g5 {[%emt 0:02:16]} 20. Bg3 Rd2 {[%emt 0:01:41]} 21. R5e2 {[%emt 0:02:34]} Bd7 {[%emt 0:09:10]} 22. f3 {[%emt 0:00:59]} Rdxe2 {[%emt 0:03:14]} 23. Rxe2 {[%emt 0:00:33]} Nd5 {[%emt 0:01:31]} 24. Rxe8 {[%emt 0:00:10]} Kxe8 {[%emt 0:00:15]} 25. Nxd5 {[%emt 0:00:10]} cxd5 {[%emt 0:00:11]} 26. Bf2 {[%emt 0:00:10]} a6 {[%emt 0:00:28]} 27. h4 {[%emt 0:00:15]} g4 {[%emt 0:00:48]} 28. Be3 {[%emt 0:00:22]} h5 {[%emt 0:00:21]} 29. Kf2 {[%emt 0:00:06]} Ke7 {[%emt 0:02:57]} 30. Bg5+ {[%emt 0:00:21]} Kd6 {[%emt 0:00:47]} 31. Ke3 {[%emt 0:00:41]} Kc5 {[%emt 0:02:10]} 32. Be7+ {[%emt 0:00:17]} Kc4 {[%emt 0:00:27]} 33. Bf6 {[%emt 0:00:11]} a5 {[%emt 0:07:27]} 34. Bc3 {[%emt 0:00:44]} a4 {[%emt 0:00:51]} 35. Bd4 {[%emt 0:00:12]} gxf3 {[%emt 0:01:56]} 36. gxf3 {[%emt 0:00:13]} Bh3 {[%emt 0:00:17]} 37. f4 {[%emt 0:00:27]} Bf5 {[%emt 0:00:11]} 38. Be5 {[%emt 0:00:50]} Be4 {[%emt 0:01:15]} 39. Bd4 {[%emt 0:00:27]} b5 {[%emt 0:00:16]} 40. Bf6 {[%emt 0:00:35]} Kc5 {[%emt 0:00:45]} 41. Bd4+ {[%emt 0:30:11]} Kd6 {[%emt 0:00:37]} 42. Kd2 {[%emt 0:00:00]} Ke6 {[%emt 0:02:04]} 43. Kc3 {[%emt 0:00:00]} Kf5 {[%emt 0:01:11]} 44. Kb4 {[%emt 0:00:00]} Bd3 {[%emt 0:00:35]} 45. Kc5 {[%emt 0:00:00]} Bc4 {[%emt 0:00:21]} 46. Kd6 {[%emt 0:00:00]} Kxf4 {[%emt 0:00:27]} 47. Ke6 {[%emt 0:00:00]} Ke4 {[%emt 0:00:40]} 48. Bc3 {[%emt 0:00:00]} d4+ {[%emt 0:00:11]} 49. Kf6 {[%emt 0:00:00]} dxc3 {[%emt 0:00:33]} 50. bxc3 {[%emt 0:00:00]} Be2 {[%emt 0:00:27]} 51. Ke6 {[%emt 0:00:00]} Kd3 {[%emt 0:00:25]} 52. Kd5 {[%emt 0:00:00]} Kxc3 {[%emt 0:00:22]} 53. Kc5 {[%emt 0:00:00]} Kb3 {[%emt 0:00:10]} 54. Kb6 {[%emt 0:00:00]} Kxa3 {[%emt 0:00:11]} 55. Ka5 {[%emt 0:00:00]} b4 {[%emt 0:00:08]} 56. Kb6 {[%emt 0:00:00]} b3 {[%emt 0:00:12]} 57. Kc5 {[%emt 0:00:00]} b2 {[%emt 0:00:08]} 58. Kd4 {[%emt 0:00:00]} b1=Q {[%emt 0:00:20]} 59. Ke3 {[%emt 0:00:00]} Qd3+ {[%emt 0:00:32]} 60. Kf4 {[%emt 0:00:00]} Qd5 {[%emt 0:00:34]} 61. Ke3 {[%emt 0:00:00]} Qc5+ {[%emt 0:00:57]} 62. Kxe2 {[%emt 0:00:00]} Qc3 {[%emt 0:00:28]} 63. Kf2 {[%emt 0:00:00]} Kb4 {[%emt 0:00:19]} 64. Ke2 {[%emt 0:00:00]} a3 {[%emt 0:00:11]} 65. Kf2 {[%emt 0:00:00]} a2 {[%emt 0:00:10]} 66. Ke2 {[%emt 0:00:00]} a1=Q {[%emt 0:00:11]} 67. Kf2 {[%emt 0:00:00]} Qab2+ {[%emt 0:00:06]} 68. Kf1 {[%emt 0:00:00]} Qcc1# {[%emt 0:00:03] normal} 0-1

[Event "-chT Youth Countries 2019"]
[Site "Wuerzburg"]
[Date "2019.10.04"]
[Round "4.8"]
[White "Richter, Johanna"]
[Black "Prinzen, Siri Marleen"]
[Result "0-1"]
[WhiteElo "942"]
[BlackElo "1520"]
[Annotator "NA"]
[PlyCount "104"]
[EventDate "2019.10.02"]
[EventType "team-tourn"]
[EventRounds "7"]
[EventCountry "GER"]
[SourceTitle "playchess.com"]
[Source "ChessBase"]
[SourceQuality "1"]
[WhiteTeam "Rheinland-Pfalz"]
[BlackTeam "Bayern 1"]
[TimeControl "40/5400+30:1800+30"]

1. d4 {[%emt 0:00:00]} d5 {[%emt 0:00:00]} 2. Bf4 {[%emt 0:00:00]} Nf6 {[%emt 0:00:16]} 3. e3 {[%emt 0:00:00]} Bf5 {[%emt 0:01:08]} 4. Bd3 {[%emt 0:00:43]} Bxd3 {[%emt 0:01:26]} 5. Qxd3 {[%emt 0:00:22]} e6 {[%emt 0:00:27]} 6. Nf3 {[%emt 0:00:57]} Nbd7 {[%emt 0:00:56]} 7. Nbd2 {[%emt 0:01:03]} c5 {[%emt 0:05:23]} 8. c3 {[%emt 0:04:11]} Be7 {[%emt 0:01:52]} 9. Qc2 {[%emt 0:05:35]} O-O {[%emt 0:02:02]} 10. O-O-O {[%emt 0:01:28]} Rc8 {[%emt 0:03:01]} 11. Rdf1 {[%emt 0:05:18]} cxd4 {[%emt 0:01:08]} 12. exd4 {[%emt 0:00:49]} b5 {[%emt 0:01:06]} 13. Kd1 {[%emt 0:13:31]} b4 {[%emt 0:02:11]} 14. Ke2 {[%emt 0:03:59]} bxc3 {[%emt 0:01:36]} 15. bxc3 {[%emt 0:03:49]} Qa5 {[%emt 0:02:08]} 16. Rc1 {[%emt 0:01:57]} Ba3 {[%emt 0:01:02]} 17. Nb3 {[%emt 0:01:00]} Qa6+ {[%emt 0:00:34]} 18. Qd3 {[%emt 0:01:02]} Qxd3+ {[%emt 0:00:42]} 19. Kxd3 {[%emt 0:00:15]} Bxc1 {[%emt 0:00:10]} 20. Rxc1 {[%emt 0:00:07]} Ne4 {[%emt 0:00:49]} 21. Bg3 {[%emt 0:01:22]} Nb6 {[%emt 0:02:21]} 22. Nc5 {[%emt 0:03:14]} Nxg3 {[%emt 0:02:06]} 23. hxg3 {[%emt 0:00:47]} Rfd8 {[%emt 0:02:10]} 24. Nb7 {[%emt 0:06:47]} Rd7 {[%emt 0:02:04]} 25. Nc5 {[%emt 0:00:43]} Re7 {[%emt 0:00:17]} 26. Ne5 {[%emt 0:00:38]} f6 {[%emt 0:00:30]} 27. Ng4 {[%emt 0:01:16]} h5 {[%emt 0:01:40]} 28. Ne3 {[%emt 0:00:53]} g6 {[%emt 0:01:01]} 29. Nb3 {[%emt 0:02:50]} e5 {[%emt 0:01:13]} 30. f4 {[%emt 0:01:06]} exd4 {[%emt 0:02:08]} 31. Nxd4 {[%emt 0:00:42]} Rd7 {[%emt 0:06:08]} 32. f5 {[%emt 0:02:11]} Nc4 {[%emt 0:03:17]} 33. fxg6 {[%emt 0:01:08]} Nxe3 {[%emt 0:00:26]} 34. Kxe3 {[%emt 0:00:30]} Rg7 {[%emt 0:04:02]} 35. Nf5 {[%emt 0:00:21]} Re8+ {[%emt 0:00:05]} 36. Kd4 {[%emt 0:01:14]} Rxg6 {[%emt 0:00:11]} 37. Rf1 {[%emt 0:02:35]} Rg5 {[%emt 0:00:48]} 38. Nd6 {[%emt 0:03:03]} Re6 {[%emt 0:00:29]} 39. Nb5 {[%emt 0:02:55]} Re4+ {[%emt 0:01:14]} 40. Kc5 {[%emt 0:00:35]} d4+ {[%emt 0:00:51]} 41. Kc4 {[%emt 0:31:37]} dxc3+ {[%emt 0:30:22]} 42. Kd3 {[%emt 0:01:43]} Reg4 {[%emt 0:00:33]} 43. Nxc3 {[%emt 0:00:26]} Rxg3+ {[%emt 0:00:08]} 44. Kc2 {[%emt 0:00:37]} Rxg2+ {[%emt 0:00:08]} 45. Kb3 {[%emt 0:00:10]} f5 {[%emt 0:01:06]} 46. Rd1 {[%emt 0:00:49]} h4 {[%emt 0:00:20]} 47. Rd8+ {[%emt 0:00:05]} Kh7 {[%emt 0:00:11]} 48. Rd7+ {[%emt 0:00:24]} Rg7 {[%emt 0:00:07]} 49. Rd5 {[%emt 0:00:40]} Rf7 {[%emt 0:00:56]} 50. Rd3 {[%emt 0:01:58]} Rg3 {[%emt 0:00:25]} 51. Rd1 {[%emt 0:00:30]} h3 {[%emt 0:00:28]} 52. Rh1 {[%emt 0:00:18]} Kg6 {[%emt 0:00:11] normal} 0-1

[Event "-chT Youth Countries 2019"]
[Site "Wuerzburg"]
[Date "2019.10.04"]
[Round "5.1"]
[White "Muckle, Julius"]
[Black "Philipp, Mathias"]
[Result "1-0"]
[WhiteElo "2398"]
[BlackElo "2063"]
[Annotator "NA"]
[PlyCount "83"]
[EventDate "2019.10.02"]
[EventType "team-tourn"]
[EventRounds "7"]
[EventCountry "GER"]
[SourceTitle "playchess.com"]
[Source "ChessBase"]
[SourceQuality "1"]
[WhiteTeam "Rheinland-Pfalz"]
[BlackTeam "Thüringen"]
[TimeControl "40/5400+30:1800+30"]

1. d4 {[%emt 0:00:00]} d5 {[%emt 0:00:00]} 2. c4 {[%emt 0:00:00]} Nc6 {[%emt 0:00:00]} 3. Nc3 {[%emt 0:00:13]} Nf6 {[%emt 0:00:00]} 4. Nf3 {[%emt 0:01:39]} dxc4 {[%emt 0:00:00]} 5. e3 {[%emt 0:00:26]} Bg4 {[%emt 0:01:37]} 6. Bxc4 {[%emt 0:00:12]} e6 {[%emt 0:00:03]} 7. O-O {[%emt 0:01:22]} Bb4 {[%emt 0:04:37]} 8. h3 {[%emt 0:01:59]} Bh5 {[%emt 0:04:29]} 9. Be2 {[%emt 0:03:51]} O-O {[%emt 0:02:14]} 10. Bd2 {[%emt 0:00:18]} Qe7 {[%emt 0:15:59]} 11. a3 {[%emt 0:03:17]} Bxc3 {[%emt 0:00:35]} 12. Bxc3 {[%emt 0:00:02]} Ne4 {[%emt 0:00:12]} 13. Rc1 {[%emt 0:00:30]} Nxc3 {[%emt 0:06:40]} 14. Rxc3 {[%emt 0:00:19]} Qd6 {[%emt 0:00:58]} 15. Rc5 {[%emt 0:01:18]} f5 {[%emt 0:04:17]} 16. Qc2 {[%emt 0:01:45]} Rac8 {[%emt 0:05:10]} 17. Rc1 {[%emt 0:00:22]} Be8 {[%emt 0:04:45]} 18. b4 {[%emt 0:06:08]} a6 {[%emt 0:03:41]} 19. Ne5 {[%emt 0:05:35]} f4 {[%emt 0:04:26]} 20. Bf3 {[%emt 0:02:39]} fxe3 {[%emt 0:00:16]} 21. fxe3 {[%emt 0:00:01]} Nxe5 {[%emt 0:04:56]} 22. Bxb7 {[%emt 0:03:25]} Bg6 {[%emt 0:13:05]} 23. dxe5 {[%emt 0:00:08]} Qb6 {[%emt 0:00:05]} 24. Be4 {[%emt 0:00:15]} Bxe4 {[%emt 0:01:33]} 25. Qxe4 {[%emt 0:00:03]} Rfe8 {[%emt 0:00:36]} 26. Qc6 {[%emt 0:01:22]} Qa7 {[%emt 0:00:12]} 27. Rd1 {[%emt 0:03:02]} Re7 {[%emt 0:02:31]} 28. Rd7 {[%emt 0:01:49]} Kf8 {[%emt 0:01:55]} 29. Qd6 {[%emt 0:01:19]} cxd6 {[%emt 0:03:00]} 30. Rxc8+ {[%emt 0:00:08]} Kf7 {[%emt 0:00:03]} 31. Rxa7 {[%emt 0:00:05]} Rxa7 {[%emt 0:00:02]} 32. exd6 {[%emt 0:00:05]} Kf6 {[%emt 0:01:40]} 33. Rc7 {[%emt 0:00:59]} Ra8 {[%emt 0:00:04]} 34. d7 {[%emt 0:00:07]} Rd8 {[%emt 0:00:10]} 35. Kf2 {[%emt 0:00:24]} Ke5 {[%emt 0:01:36]} 36. Ra7 {[%emt 0:00:30]} Kd5 {[%emt 0:01:02]} 37. Ke2 {[%emt 0:00:42]} Kc4 {[%emt 0:00:37]} 38. Rxa6 {[%emt 0:00:17]} Rxd7 {[%emt 0:00:04]} 39. Rxe6 {[%emt 0:00:04]} Ra7 {[%emt 0:00:03]} 40. Rc6+ {[%emt 0:00:15]} Kb3 {[%emt 0:00:46]} 41. b5 {[%emt 0:30:08]} Kxa3 {[%emt 0:30:07]} 42. Ra6+ {[%emt 0:00:05] normal} 1-0